All is burning / (Record no. 129759)

MARC details
000 -LEADER
fixed length control field 00676nam a22002417a 4500
003 - CONTROL NUMBER IDENTIFIER
control field dpl
005 - DATE AND TIME OF LATEST TRANSACTION
control field 20180730160147.0
008 - FIXED-LENGTH DATA ELEMENTS--GENERAL INFORMATION
fixed length control field 180730b xxu||||| |||| 00| 0 eng d
010 ## - LIBRARY OF CONGRESS CONTROL NUMBER
LC control number A-754343
020 ## - INTERNATIONAL STANDARD BOOK NUMBER
Terms of availability 00.00
035 ## - SYSTEM CONTROL NUMBER
System control number A-754343, A-754355
037 ## - SOURCE OF ACQUISITION
Source of stock number/acquisition Cen Lib/Ret
040 ## - CATALOGING SOURCE
Original cataloging agency DPL
Language of cataloging EN
Transcribing agency 0
082 ## - DEWEY DECIMAL CLASSIFICATION NUMBER
Classification number S
Item number ARA
100 ## - MAIN ENTRY--PERSONAL NAME
Personal name Arasanyagam, Jean
9 (RLIN) 27319
245 ## - TITLE STATEMENT
Title All is burning /
Statement of responsibility, etc by Jean Arasanayagam
260 ## - PUBLICATION, DISTRIBUTION, ETC. (IMPRINT)
Name of publisher, distributor, etc Penguin Books
Date of publication, distribution, etc 1995
Place of publication, distribution, etc New Delhi
270 ## - ADDRESS
Address 210 Chiranjiv Tower, 43 Nehru Place
City New Delhi
Postal code 110019
300 ## - PHYSICAL DESCRIPTION
Extent 417p.
Dimensions 20cm(Hb)
650 ## - SUBJECT ADDED ENTRY--TOPICAL TERM
Topical term or geographic name as entry element India -- Fiction
9 (RLIN) 27320
650 ## - SUBJECT ADDED ENTRY--TOPICAL TERM
Topical term or geographic name as entry element English fiction
9 (RLIN) 27321
942 ## - ADDED ENTRY ELEMENTS (KOHA)
Source of classification or shelving scheme Dewey Decimal Classification
Koha item type English Books
Classification part S
Call number suffix ARA
Holdings
Withdrawn status Lost status Damaged status Not for loan Home library Current library Date acquired Source of acquisition Cost, normal purchase price Total Checkouts Full call number Barcode Date last seen Date checked out Copy number Cost, replacement price Price effective from Koha item type Public note Source of classification or shelving scheme Collection code
Written off       Central Library Central Library 07/07/2015 Cen Lib/Ret 0.00 1 S ARA A-754343 15/09/2018 25/08/2018 1 0.00 07/07/2015 English Books W/d List No. 6855/18; dtd 28/07/2020    
        Shahdara Branch Shahdara Branch 30/07/2018 BPPD/PUB 0.00   S ARA A-754355 30/07/2018     0.00 30/07/2018 English Books   Dewey Decimal Classification Fiction
        Yojana Vihar Yojana Vihar 21/09/2019 BPPD/PUB 125.00   S ARA A-754356 21/09/2019     125.00 21/09/2019 English Books   Dewey Decimal Classification Fiction

© Delhi Public Library
Hit Counter
free hit counter